Algèbre de Boole /
Guardado en:
| Autor Principal: | |
|---|---|
| Formato: | Libro |
| Idioma: | French |
| Publicado: |
Paris :
Dunod,
1965.
|
| Series: | Bibliothèque de l'ingénieur automaticien ;
10. |
| Materias: | |
| Etiquetas: |
Agregar Etiqueta
Sin Etiquetas, Sea el primero en etiquetar este registro!
|
| LEADER | 00705cam a22002171a 4500 | ||
|---|---|---|---|
| 001 | MAT.inmabb005710 | ||
| 008 | 840615s1965####fr#a#####b####000#0#fre## | ||
| 005 | 20130315141325.0 | ||
| 245 | 1 | 0 | |a Algèbre de Boole / |c par J. Kuntzmann. |
| 260 | |a Paris : |b Dunod, |c 1965. | ||
| 300 | |a xxii, 319 p. : |b il. ; |c 25 cm. | ||
| 490 | 1 | |a Bibliothèque de l'ingénieur automaticien ; |v 10 | |
| 504 | |a Bibliografía: p. [311]-314. | ||
| 510 | 4 | |a MR, |c 32 #9157 | |
| 100 | 1 | |a Kuntzmann, Jean, |d 1912- | |
| 830 | 0 | |a Bibliothèque de l'ingénieur automaticien ; |v 10. | |
| 650 | 0 | |a Algebra, Boolean. | |
| 084 | |a 94C10 |2 msc2000 | ||
| 010 | |a 65076247 | ||
| 040 | |a DLC/ICU |c ICU |d DLC |d ICU | ||
| 859 | |h 94 |i K96 |p A-2372 |b BIB. MATEMATICA | ||
